Score 0/32 Timer 04:00
2 Plays Today
Category Answer % Correct
Calendar MonthSeptember
91%
Type of ToothMolar
85.5%
Solar System PlanetJupiter
85.2%
Simpsons' Family MemberHomer
84.6%
Santa's ReindeerDasher
84.6%
3-Letter Body PartEar
83.3%
Great LakeSuperior
77.8%
Friends Main Character (First Name)Chandler
74.5%
Winnie-the-Pooh CharacterTigger
73.9%
UK Prime MinisterThatcher
73.2%
Human BoneFemur
71.3%
Voice TypeTenor
71.2%
US President (Surname)Carter
65.4%
Hogwarts HouseGryffindor
65.2%
Zodiac SignCancer
64.1%
South American CountryEcuador
61.4%
Category Answer % Correct
Circle MeasurementDiameter
59.8%
African CountryMadagascar
59.4%
Asian CountryMyanmar
49.3%
Shakespeare's PlayKing Lear
44.9%
Periodic Table ElementSilver
41%
North American CountryEl Salvador
40.4%
Fellowship of the Ring MemberBoromir
34.2%
Winter Olympics Host CityVancouver
32.2%
Game of Thrones / ASOIAF HouseLannister
31.3%
Taxonomic RankOrder
30.8%
Pokémon (Generation I)Bulbasaur
26.9%
Book of the BibleEsther
26%
NBA TeamThunder
23.4%
World CapitalKuala Lumpur
21.5%
One-Word Oscar Best PictureGladiator
17.7%
Beatles #1 Song (US or UK)Come Together
12.3%
Remove Ads.
Support Sporcle.
Get the best of Sporcle when you Go Orange. This ad-free experience offers more features, more stats, and more fun while also helping to support Sporcle. Thank you for becoming a member.

You're not logged in!

Compare scores with friends on all Sporcle quizzes.
OR
Log In

Sporcle TV

Today on Sporcle TV


Watch our educational content, quiz creation guides, and fun videos on Sporcle TV.

Show Comments

Extras

Top Quizzes Today


Score Distribution

Paid Content

Your Account Isn't Verified!

In order to create a playlist on Sporcle, you need to verify the email address you used during registration. Go to your Sporcle Settings to finish the process.

Report this User

Report this user for behavior that violates our Community Guidelines.

Details: